| 000 | 00435nam a22001817a 4500 | ||
|---|---|---|---|
| 005 | 20260226152823.0 | ||
| 008 | 260226b |||||||| |||| 00| 0 eng d | ||
| 020 | _a9789367134092 | ||
| 040 | _cILCL | ||
| 041 |
_2eng _aeng |
||
| 084 | _aX:8D R6 | ||
| 100 |
_aPandey, I M _91115025 |
||
| 245 | _aFinancial Management | ||
| 250 | _a13 | ||
| 260 |
_aIndia _bPearson Education _c2026 |
||
| 300 | _axxviii,1042p. | ||
| 942 |
_2CC _cTB |
||
| 999 |
_c1680293 _d1680293 |
||